000 00955nam a2200289 i 4500
003 EG-GICUC
005 20260301195733.0
008 260301s1995 uk ||||fr|||| 00| 0 fre d
040 _aEG-GiCUC
_bfre
_cEG-GiCUC
_dEG-GiCUC
_eRda
082 0 4 _221
_a341.48
_bNA
092 0 4 _221
099 _aLaw1 11 341.48 NA 1995
245 1 4 _aLes Nations Unies Et Les Droits De L'homme1945-1995 /
_b
_cBoutros Boutros-ghali.
_n
264 1 _aNew York :
_bDépartement de l'information Nations Unies,
_c1995.
300 _a533page :
_billustration ;
_c 24 cm.
336 _2rda contenu
_a texte
337 _2rda medias
_aOrdinateur
338 _2 transporteur rda
_a Ressource en ligne
504 _a
546 _aTexte en français
650 1 4 _aDroit international public
_2
651 1 _2
700 1 _aBoutros Boutros-ghali
_ePréfacier
856 4 0 _uhttps://fll.law.cu.edu.eg/fulltext/bks/B11-09217.pdf
905 _a50
942 _2ddc
_cBK
_e21
_n0
999 _c64545
_d64545